Northeast Corridor (NEC) Train Stops - Statistics

General Stats
  • This quiz has been taken 22 times
  • The average score is 11 of 16
Answer Stats
Answer % Correct
Newark
100%
Newark Liberty International Airport
100%
New York City
95%
Trenton
95%
Elizabeth
84%
Jersey Avenue
79%
New Brunswick
74%
Edison
68%
Princeton Junction
68%
Metropark
63%
Secaucus
63%
Linden
58%
Hamilton
53%
North Elizabeth
42%
Rahway
42%
Metuchen
32%
No matching quizzes found
Score Distribution
Percent of People with Each Score
Percentile by Number Answered
Your Score History
You have not taken this quiz